My favourite countries - Statistics

General Stats
  • This quiz has been taken 38 times
  • The average score is 30 of 80
Answer Stats
Question Tile Select % Correct
Most favourite No
87%
Most favourite No
81%
Almost most favourite No
81%
Most favourite No
77%
Low favourite No
74%
Low favourite No
74%
Quite low No
74%
Quite low No
71%
Low favourite No
68%
Most favourite Yes
65%
Low favourite No
61%
Most favourite Yes
58%
Most favourite Yes
58%
Most favourite Yes
58%
Almost most favourite No
58%
Quite low No
58%
End No
58%
End No
58%
Quite low Cheater and winner of the Euro cup ITALY No
58%
End No
55%
End No
55%
Most favourite Yes
52%
Most favourite Yes
52%
End No
52%
Most favourite Yes
48%
Almost most favourite Yes
48%
Almost most favourite Yes
45%
Almost most favourite Yes
45%
End No
45%
Almost most favourite No
42%
Almost most favourite Yes
42%
Most favourite Yes
39%
Almost most favourite Yes
35%
Low favourite Yes
35%
End Yes
35%
Almost most favourite Yes
32%
End Yes
32%
Low favourite Yes
29%
Low favourite Yes
29%
Quite low Yes
29%
Quite low Yes
29%
End Yes
29%
Low favourite Yes
26%
Low favourite Yes
26%
Low favourite Yes
26%
Quite low Yes
26%
End Yes
26%
Most favourite Yes
23%
Almost most favourite Yes
23%
Low favourite Yes
23%
Low favourite Yes
23%
Low favourite Yes
23%
Quite low Yes
23%
Quite low Yes
23%
Quite low Yes
23%
Quite low Yes
23%
End Yes
23%
End Yes
23%
End Yes
23%
Almost most favourite Yes
19%
Low favourite Yes
19%
Quite low Yes
19%
Quite low Yes
19%
Quite low Yes
19%
Quite low Yes
19%
End Yes
19%
End Yes
19%
End Yes
19%
Most favourite Yes
16%
Most favourite Yes
16%
Almost most favourite Yes
16%
Low favourite Yes
16%
Low favourite Yes
16%
Quite low Yes
16%
Most favourite Yes
13%
Almost most favourite Yes
13%
Almost most favourite Yes
13%
Almost most favourite Yes
13%
Most favourite Yes
10%
Almost most favourite Yes
6%
No matching quizzes found
Score Distribution
Percent of People with Each Score
Percentile by Number Answered
Your Score History
You have not taken this quiz